Predpoklady úspešnej komercializácie technológií a poznatkov na univerzitách

Prehľad medzinárodných skúseností pri komercializácii výstupov výskumu na univerzitách. Kľúčové predpoklady úspešnej komercializácie. Predpoklady realizácie transferu poznatkov a technológií do praxe.

Gespeichert in:
Bibliographische Detailangaben
1. Verfasser: Brighton, Denisa
Format: Buchkapitel
Sprache:Slowakisch
Schlagworte:
Tags: Tag hinzufügen
Keine Tags, Fügen Sie das erste Tag hinzu!

MARC

LEADER 00000naa a2200000 4500
001 0161262
005 20231114073848.5
041 0 |a slo 
044 |a SK 
245 1 0 |a Predpoklady úspešnej komercializácie technológií a poznatkov na univerzitách  |c Denisa Brighton 
520 |a Prehľad medzinárodných skúseností pri komercializácii výstupov výskumu na univerzitách. Kľúčové predpoklady úspešnej komercializácie. Predpoklady realizácie transferu poznatkov a technológií do praxe. 
610 2 0 |a technológie znalostné 
610 2 0 |a krajiny vyspelé 
610 2 0 |a univerzity 
610 2 0 |a výskum 
610 2 0 |a vývoj 
610 2 0 |a spolupráca vedecká 
610 2 0 |a spolupráca vedecká medzinárodná 
610 2 0 |a spolupráca vedeckotechnická 
100 1 |a Brighton, Denisa